| 000 | 00702nam a2200181 i 4500 | ||
|---|---|---|---|
| 001 | 191460 | ||
| 003 | ES-MaACL | ||
| 005 | 20230906224024.0 | ||
| 008 | 221125s1850 sp 001 0 spa | ||
| 080 | _a358.23(460) | ||
| 245 | 0 | 0 | _aEstado del Cuerpo de Ingenieros del Ejército, en primero de enero de 1850. |
| 260 |
_aMadrid : _b[s.n.], _c1850 ( _fEstab. tip. de Don José García Márquez) |
||
| 300 |
_a120 p. ; _c21 cm. |
||
| 530 | _aDisponible en formato digital. | ||
| 610 | 1 |
_aEspaña. _bCuerpo de Ingenieros del Ejército. _93681 |
|
| 852 | 4 |
_aES-MaACL _jT-32-F-4 |
|
| 856 | 4 |
_uhttp://bibliotecavirtualdefensa.es/BVMDefensa/es/consulta/registro.do?id=10000047839 _zBiblioteca Digital Hispánica |
|
| 999 |
_c191460 _d191460 |
||